Real Housewives Ultimate Quiz - Statistics

General Stats
  • This quiz has been taken 442 times
    266 since last reset
  • The average score is 30 of 75
Answer Stats
Franchise Cast Member % Correct
The Real Housewives of Salt Lake City Lisa Barlow
95%
Lisa Rinna
95%
Lisa Hochstein
94%
The Real Housewives of Beverly Hills Kyle Richards-Umansky
93%
Erika Girardi
82%
Dorit Kemsley
73%
The Real Housewives of New Jersey Teresa Giudice
73%
Garcelle Beauvais
71%
The Real Housewives of New York Ramona Singer
71%
Luann de Lesseps
70%
Heather Dubrow
68%
Heather Gay
68%
Melissa Gorga
68%
Jen Shah
65%
Sonja Morgan
64%
Crystal Kung-Minkoff
58%
Mary Cosby
58%
The Real Housewives of Atlanta Kandi Burruss
56%
Whitney Rose
55%
Karen Huger
54%
Gizelle Bryant
53%
Karen Loderick
53%
Meredith Marks
53%
Shannon Beador
53%
Lea McSweeney
52%
Dolores Catania
51%
Porsha Williams
51%
Margaret Josephs
50%
Jennifer Armstrong
49%
Jennifer Aydin
49%
Margaret Thompson
49%
Robyn Dixon
49%
The Real Housewives of Potomac Ashley Darby
48%
The Real Housewives of Jersey Ashley Cairney
47%
Jackie Goldschneider
47%
Cynthia Bailey
46%
Jackie Gillies
46%
The Real Housewives of Orange County Emily Simpson
45%
Brandi Redmond
43%
Gina Kirschenheiter
43%
Larsa Pippen
42%
Eboni K. Williams
35%
Jennie Nguyen
35%
Alexia Echevarria
34%
Candiace Dillard
33%
Mia Thornton
32%
Mia Ledbury
31%
Drew Sidora
28%
Stephanie Hollman
28%
Sutton Stracke
28%
Tiffany Moon
28%
The Real Housewives of Miami Adriana de Moura
26%
Noella Bergener
26%
Kenya Moore
25%
D'Andra Simmons
22%
The Real Housewives of Dallas Kameron Westcott
22%
Kary Brittingham
22%
Nicole Sealey
19%
Wendy Osefo
17%
Janet Roach
13%
Kate Taylor
12%
Tanya Bardsley
12%
The Real Housewives of Melbourne Gamble Breaux
10%
Rachel Lugo
9%
Seema Malhotra
9%
The Real Housewives of Cheshire Hanna Kinsella
5%
Lystra Adams
5%
Anjali Rao
3%
Cherry Dipietrantonio
3%
Kyla Kirkpatrick
3%
Simone Elliot
3%
Tessa Hartmann
3%
Deborah Davies
2%
Nicole James
2%
Sarha Courtnay
1%
No matching quizzes found
Score Distribution
Percent of People with Each Score
Percentile by Number Answered
Your Score History
You have not taken this quiz since the last reset